000 02074nab a2200313 a 4500
005 20210219162348.0
008 991125s1985 mx 000 0 spa u
035 _aUPN01000202627
049 _aART-E
100 1 _aHernández Sánchez, Alba María
100 1 _aMartínez Guzmán, María Dolores
222 0 _aAULA DE ENCUENTRO
245 0 3 _aLa investigación evaluativa: enfoque estratégico para una educación a distancia en entornos virtuales de calidad
260 _aEspaña
300 _a106-129
362 0 _a2014 Vol. 2, no. 16
520 3 _aEste trabajo analiza el aporte de la investigación evaluativa en el ámbito de la educación a distancia en entornos virtuales de calidad para, con ello, esbozar un enfoque estratégico de acción que incida en la mejora continua de las experiencias de eLearning. Los planteamientos de una investigación evaluativa desde el enfoque de la investigación en la acción ofrecen la posibilidad de dar respuesta a las nuevas demandas de la sociedad de la información y el conocimiento. La celeridad y la especificidad de los cambios que se producen en la enseñanza en línea requieren de diseños evaluativos flexibles y diversos. Por ello, se presentan un compendio de estrategias e instrumentos recogidos en torno a las dimensiones que caracterizan a la educación a distancia. El enfoque estratégico incide en el estudio evaluativo desde una perspectiva holística que permite obtener una información fiable, sistemática y contrastada. Además, profundiza en aspectos comúnmente ignorados, como son las cuestiones sociales y de garantía de la inclusión.
653 0 _aINVESTIGACION EVALUATIVA
653 0 _aINSTRUMENTOS DE EVALUACION
653 0 _aEDUCACION A DISTANCIA
653 0 _aCALIDAD EDUCATIVA
653 0 _aMODELOS EDUCATIVOS
856 4 _uhttp://revistaselectronicas.ujaen.es/index.php/ADE/article/view/1859/1856
905 _aArticulo
336 _atexto$2rdacontent
337 _acomputadora$2rdamedia
338 _arecurso en linea$2rdacarrier
999 _c174728
_d174728